Born in Monterrey - Statistics

General Stats
  • This quiz has been taken 9 times
    7 since last reset
  • The average score is 5 of 11
Answer Stats
Hint Answer % Correct
Footballer who played for Barcelona, Tottenham, Villarreal, LA Galaxy and the Mexican national team 1989 Giovani dos Santos
100%
Footballer who plays for América and the Mexican national team (former Barcelona, Villarreal and LA Galaxy player) 1990 Jonathan dos Santos
100%
Former Formula One driver for Sauber and Haas 1991 Esteban Gutiérrez
60%
NASCAR driver and first non-American to win a major NASCAR National Series championship 1992 Daniel Suárez
40%
Billionaire who transformed Cemex into one of the largest cement producers in the world and co-owned the telecommunications Axtel until his death in 2014 1944 Lorenzo Zambrano
40%
First Mexican to win an Olympic medal in archery 1993 Mariana Avitia
40%
Actress, "In the Heights" "Scream" "Vida" 1990 Melissa Barrera
40%
Brother of a former president of Mexico, he was charged with the murder of his former brother-in-law and after ten years in prison, his conviction got overturned 1946 Raúl Salinas de Gortari
40%
Actress known for being the first Mexican actress to have a starring role on Broadway 1976 Bianca Marroquín
20%
Former pitcher who played for Colorado Rockies, Milwaukee Brewers and Kansas City Royals 1981 Jorge de la Rosa
20%
Singer, "1,2,3" "R.I.P." 1995 Sofía Reyes
20%
No matching quizzes found
Score Distribution
Percent of People with Each Score
Percentile by Number Answered
Your Score History
You have not taken this quiz since the last reset